Architektura mimo centra : sborník konference konané ve dnech 14.-15.3.2014 v Liberci

Salvato in:
Dettagli Bibliografici
Altri autori: Merta, Dan (Redattore), Pučerová, Klára (Redattore)
Natura: Libro
Lingua:ceco
Pubblicazione: Praha : Architectura : Galerie Jaroslava Fragnera, 2014
Soggetti:
Tags: Aggiungi Tag
Nessun Tag, puoi essere il primo ad aggiungerne!!

MARC

LEADER 00000nam a22000003a 4500
001 stu299693
005 20150617230313.1
008 141027s--------xr------------------cze-d
020 |a 978-80-905782-2-7 
040 |a STU  |b slo 
041 0 |a cze 
044 |a xr 
100 1 |a Merta, Dan  |4 edt 
245 1 |a Architektura mimo centra :  |b sborník konference konané ve dnech 14.-15.3.2014 v Liberci 
260 |a Praha :  |b Architectura :  |b Galerie Jaroslava Fragnera,  |c 2014 
300 |a 112 s 
650 7 |a periférie  |2 stusub 
650 7 |a krajina  |2 stusub 
650 7 |a Liberec  |2 stusub 
650 7 |a Česká republika  |2 stusub 
650 7 |a Slovenská republika  |2 stusub 
650 7 |a Európa  |2 stusub 
650 7 |a USA  |2 stusub 
700 1 |a Pučerová, Klára  |4 edt 
996 |b 284AU06282  |c A*9180 U  |l AAKNAR  |s A  |a 24  |w stu299693_0001